000 00540nam a2200181Ia 4500
005 20250326142216.0
008 250326s9999 xx 000 0 und d
037 _aTextbook
040 _aFMSL
_beng
_cFMSL
041 _aeng
_2eng
084 _aX.4 M7
_qFMSL
100 _aWadhva Charan D
245 0 _aRegional economic cooperation in Asia : Bangladesh India Pakistan and Sri Lanka
_cWadhva Charan D
260 _aNew Delhi
_bNew Delhi, Allied
_c1987
300 _av,352
942 _cTB
_hX.4 M7
999 _c1293942
_d1293942